书目信息 |
| 题名: |
梅与诗
|
|
| 作者: | 张明华, 著 | |
| 分册: | ||
| 出版信息: | 广州 暨南大学出版社 2018 |
|
| 页数: | 204页 | |
| 开本: | 22cm | |
| 丛书名: | 中国印象 | |
| 单 册: | ||
| 中图分类: | I207.22 , I207.23 | |
| 科图分类: | ||
| 主题词: | 梅--mei--诗歌研究--中国 | |
| 电子资源: | ||
| ISBN: | 978-7-5668-2307-6 | |
| 000 | 00873nam 2200277 45 | |
| 001 | 012001001741 | |
| 005 | 20140108174812.0 | |
| 010 | @a978-7-5668-2307-6@dCNY28.00 | |
| 099 | @aCAL 012019038040 | |
| 100 | @a20190401d2018 em y0chiy50 ea | |
| 101 | 0 | @achi |
| 102 | @aCN@b440000 | |
| 105 | @afh z 000yy | |
| 106 | @ar | |
| 200 | 1 | @a梅与诗@Amei yu shi@f张明华著 |
| 210 | @a广州@c暨南大学出版社@d2018 | |
| 215 | @a204页@c摹真@d22cm | |
| 225 | 2 | @a中国印象@Azhong guo yin xiang |
| 330 | @a本书分为:独特的梅文化、梅与诗的情缘(上)、梅与诗的情缘(下)、历代咏梅诗人(上)、历代咏梅诗人(中)、历代咏梅诗人(下),共六章。 | |
| 410 | 0 | @12001 @a中国印象 |
| 606 | 0 | @a梅@Amei@x诗歌研究@y中国 |
| 690 | @aI207.22@v5 | |
| 690 | @aI207.23@v5 | |
| 701 | 0 | @a张明华,@Azhang ming hua@f1967-@4著 |
| 801 | 0 | @aCN@b北京卓展@c20191020 |
| 905 | @b1202509-11@dI207.22@e1239@f3 | |
| 梅与诗/张明华著.-广州:暨南大学出版社,2018 |
| 204页:摹真;22cm.-(中国印象) |
| ISBN 978-7-5668-2307-6:CNY28.00 |
| 本书分为:独特的梅文化、梅与诗的情缘(上)、梅与诗的情缘(下)、历代咏梅诗人(上)、历代咏梅诗人(中)、历代咏梅诗人(下),共六章。 |
| ● |
| 相关链接 |
|
|
|
|
正题名:梅与诗
索取号:I207.22/1239
 
预约/预借
| 序号 | 登录号 | 条形码 | 馆藏地/架位号 | 状态 | 备注 |
| 1 | 1202509 | 212025093 | 第一样本阅览室/ [索取号:I207.22/1239] | 在馆 | |
| 2 | 1202510 | 212025100 | 第二借阅区/ [索取号:I207.22/1239] | 在馆 | |
| 3 | 1202511 | 212025119 | 第二借阅区/ [索取号:I207.22/1239] | 在馆 |